[Event "Spassky beat the Benko, can you? (fast 10+1)"]
[Site "SchemingMind.com"]
[Date "2007.02.01"]
[Round "-"]
[White "rao"]
[Black "Valiantangel"]
[Result "0-1"]
[WhiteCountry "INT"]
[BlackCountry "SGP"]
[WhiteElo "1458"]
[WhiteRD "82"]
[BlackElo "1918"]
[BlackRD "79"]
[GameID "89679"]

1. Nf3 d5 2. g3 c6 3. d4 Bg4 4. Ne5 Bf5 5. Nc3 Nd7 6. Bf4 Ngf6 7. e3 e6 8. Bg5 Be7 9. g4 Bg6 10. Bxf6 Bxf6
11. f4 Bxe5 12. dxe5 Qh4+
0-1

[Event "Spassky beat the Benko, can you? (fast 10+1)"]
[Site "SchemingMind.com"]
[Date "2007.01.31"]
[Round "-"]
[White "rao"]
[Black "Amergin"]
[Result "1-0"]
[WhiteCountry "INT"]
[BlackCountry "IRL"]
[WhiteElo "1578"]
[WhiteRD "88"]
[BlackElo "1296"]
[BlackRD "84"]
[GameID "89680"]

1. Nf3 d5 2. g3 c6 3. d4 e6 4. Ne5 Bb4+ 5. c3 Bd6 6. Nf3 Nf6 7. Bg5 c5 8. e3 a6 9. dxc5 Bxc5 10. Ne5 O-O
11. Bd3 Nbd7 12. Nxd7 Qxd7 13. Bxf6 d4 14. Qh5 Qd5 15. Qxh7#
1-0

[Event "Spassky beat the Benko, can you? (fast 10+1)"]
[Site "SchemingMind.com"]
[Date "2007.02.01"]
[Round "-"]
[White "rao"]
[Black "Rotceh"]
[Result "1-0"]
[WhiteCountry "INT"]
[BlackCountry "MEX"]
[WhiteElo "1480"]
[WhiteRD "86"]
[BlackElo "1563"]
[BlackRD "64"]
[GameID "89681"]

1. Nf3 d5 2. g3 c6 3. Bg2 Bg4 4. Ne5 Nf6 5. Nxg4 Nxg4 6. e4 Nf6 7. e5 Nfd7 8. Qe2 e6 9. d4 c5 10. c3 c4
11. b3 b5 12. bxc4 bxc4 13. Na3 a6 14. Rb1 Nc6 15. O-O h5 16. h4 Be7 17. Bf3 g6 18. Nc2 Qa5 19. a3 Qxc3 20. Bb2 Qa5
21. Qe3 Qc7 22. Bc3 a5 23. Qf4 a4 24. Nb4 Nxb4 25. Bxb4 Bxb4 26. Rxb4 Qc6 27. Rfb1 Ke7 28. Rb7 Rab8 29. Qf6+
1-0

[Event "Spassky beat the Benko, can you? (fast 10+1)"]
[Site "SchemingMind.com"]
[Date "2007.02.02"]
[Round "-"]
[White "rao"]
[Black "echecs"]
[Result "0-1"]
[WhiteCountry "INT"]
[BlackCountry "ENG"]
[WhiteElo "1458"]
[WhiteRD "82"]
[BlackElo "1737"]
[BlackRD "61"]
[GameID "89682"]

1. Nf3 d5 2. g3 c6 3. Nc3 Nf6 4. d4 Bf5 5. Bg5 h6 6. Bh4 g5 7. g4 Bxg4 8. Bg3 Bg7 9. Ne5 Bf5 10. f3 Nbd7
11. Bg2 Nh5 12. e4 Nxg3 13. hxg3 Nxe5 14. dxe5 dxe4 15. Qxd8+ Rxd8 16. fxe4 Bg4 17. Bh3 Bxh3 18. Rxh3 Bxe5 19. g4 Kf8 20. Ke2 Kg7
21. Rf1 Rd4 22. Rhf3 f6 23. a3 Bf4 24. Rd1 Rhd8 25. Rdd3 e5 26. Rf1 b5 27. b3 a5 28. Kf3 Rxd3+ 29. cxd3 Rxd3+ 30. Ke2 Rxc3
31. Rb1 Re3+ 32. Kf2 Rxe4 33. Rd1 Re3 34. Rd6 c5 35. Rd5 Rxb3 36. Rxc5 Be3+
0-1

[Event "Spassky beat the Benko, can you? (fast 10+1)"]
[Site "SchemingMind.com"]
[Date "2007.01.31"]
[Round "-"]
[White "rao"]
[Black "tacticrules"]
[Result "0-1"]
[WhiteCountry "INT"]
[BlackCountry "GER"]
[WhiteElo "1578"]
[WhiteRD "88"]
[BlackElo "1573"]
[BlackRD "53"]
[GameID "89683"]

1. Nf3 d5 2. g3 c6 3. c3 Nf6 4. d4 Bf5 5. Ne5 Be4 6. f3 Bg6 7. Bh3 e6 8. Nxg6 hxg6 9. Bg2 Bd6 10. Bg5 Nbd7
11. Qd3 Qb6 12. b3 O-O-O
0-1

[Event "Spassky beat the Benko, can you? (fast 10+1)"]
[Site "SchemingMind.com"]
[Date "2007.01.31"]
[Round "-"]
[White "Dr_Pat"]
[Black "rao"]
[Result "1-0"]
[WhiteCountry "USA"]
[BlackCountry "INT"]
[WhiteElo "1519"]
[WhiteRD "49"]
[BlackElo "1578"]
[BlackRD "88"]
[GameID "89684"]

1. Nf3 d5 2. g3 c6 3. d4 Bg4 4. Bg2 e6 5. O-O Qb6 6. c4 dxc4 7. Ne5 Bf5 8. e4 Bg6 9. Nxc4 Qb4 10. b3 Nf6
11. Ba3 Qa5 12. Nxa5 b6 13. Bxf8 Rxf8 14. Nc4 Ke7 15. Nc3 b5 16. e5 Nd5 17. Nxd5+ cxd5 18. Qd2 bxc4 19. Qb4+ Kd8 20. Qxf8+ Kc7
21. bxc4
1-0

[Event "Spassky beat the Benko, can you? (fast 10+1)"]
[Site "SchemingMind.com"]
[Date "2007.02.01"]
[Round "-"]
[White "Valiantangel"]
[Black "rao"]
[Result "1-0"]
[WhiteCountry "SGP"]
[BlackCountry "INT"]
[WhiteElo "1918"]
[WhiteRD "79"]
[BlackElo "1458"]
[BlackRD "82"]
[GameID "89685"]

1. Nf3 d5 2. g3 c6 3. Bg2 Bg4 4. O-O e6 5. d4 Qf6 6. Re1 h6 7. Nbd2 Bd6 8. e4 dxe4 9. Nxe4 Qg6 10. Nxd6+ Kd7
11. Nxb7 Nf6 12. Ne5+ Ke7 13. Nxg6+
1-0

[Event "Spassky beat the Benko, can you? (fast 10+1)"]
[Site "SchemingMind.com"]
[Date "2007.02.02"]
[Round "-"]
[White "Rotceh"]
[Black "rao"]
[Result "1-0"]
[WhiteCountry "MEX"]
[BlackCountry "INT"]
[WhiteElo "1534"]
[WhiteRD "68"]
[BlackElo "1477"]
[BlackRD "86"]
[GameID "89687"]

1. Nf3 d5 2. g3 c6 3. d4 Bf5 4. Nc3 e6 5. Bf4 Bb4 6. Bxb8 Rxb8 7. Qd2 Nf6 8. Nh4 Ne4 9. Qe3 Qf6 10. Bg2 Nxc3
11. bxc3 Ba5 12. Qd2 g5 13. Nxf5 Qxf5 14. O-O h5 15. h3 h4 16. g4 Qf4 17. e3 Qf6 18. Qd3 Qe7 19. c4 Bc7 20. cxd5 exd5
21. c4 Qd6 22. Rfc1 dxc4 23. Qe4+ Kd8 24. Rxc4 Re8 25. Qd3 Rf8 26. e4 f6 27. Rd1 b6 28. e5 fxe5 29. Rxc6 Qd7 30. dxe5 Qxd3
31. Rxd3+ Kc8 32. Rdc3 Rb7 33. Rg6 Kb8 34. Bxb7 Kxb7 35. Rg7 Rc8 36. e6 Kb8 37. Kg2 Be5 38. Rxc8+ Kxc8 39. Rg8+
1-0

[Event "Spassky beat the Benko, can you? (fast 10+1)"]
[Site "SchemingMind.com"]
[Date "2007.02.02"]
[Round "-"]
[White "echecs"]
[Black "rao"]
[Result "1-0"]
[WhiteCountry "ENG"]
[BlackCountry "INT"]
[WhiteElo "1777"]
[WhiteRD "61"]
[BlackElo "1578"]
[BlackRD "88"]
[GameID "89688"]

1. Nf3 d5 2. g3 c6 3. Bg2 Nf6 4. O-O Bg4 5. d3 h6 6. b3 Qd6 7. Bb2 Nbd7 8. Nbd2 Ne5 9. Nxe5 d4 10. Nxg4 Nxg4
11. Ne4 Qd8 12. e3 f5 13. Bxd4 e5 14. Bc3 Nxe3 15. fxe3 fxe4 16. Bxe4 Qg5 17. Qf3 h5 18. Bxc6+ Kd8 19. Qd5+ Kc7 20. Bxe5+ Bd6
21. Qxd6+ Kb6 22. Ba4+ Ka5 23. Bc3#
1-0

[Event "Spassky beat the Benko, can you? (fast 10+1)"]
[Site "SchemingMind.com"]
[Date "2007.02.02"]
[Round "-"]
[White "tacticrules"]
[Black "rao"]
[Result "1-0"]
[WhiteCountry "GER"]
[BlackCountry "INT"]
[WhiteElo "1573"]
[WhiteRD "53"]
[BlackElo "1578"]
[BlackRD "88"]
[GameID "89689"]

1. Nf3 d5 2. g3 c6 3. Bg2 Nf6 4. O-O Bf5 5. d4 h6 6. c4 e6 7. Nh4 Be4 8. Bxe4 Nxe4 9. Nc3 Nxc3 10. bxc3 dxc4
11. e4
1-0